<?xml version="1.0" encoding="UTF-8"?>
<record
    xmlns:xsi="http://www.w3.org/2001/XMLSchema-instance"
    xsi:schemaLocation="http://www.loc.gov/MARC21/slim http://www.loc.gov/standards/marcxml/schema/MARC21slim.xsd"
    xmlns="http://www.loc.gov/MARC21/slim">

  <leader>01887nam a2200325 a 4500</leader>
  <controlfield tag="001">BRCA_3074</controlfield>
  <controlfield tag="005">20190320204110.0</controlfield>
  <controlfield tag="008">270109s1821----fr-a---###---#000-0#fre-u</controlfield>
  <datafield tag="041" ind1=" " ind2=" ">
    <subfield code="a">fre</subfield>
  </datafield>
  <datafield tag="044" ind1=" " ind2=" ">
    <subfield code="a">fr</subfield>
  </datafield>
  <datafield tag="084" ind1=" " ind2=" ">
    <subfield code="a">381</subfield>
    <subfield code="b">.M47</subfield>
    <subfield code="c">1821</subfield>
  </datafield>
  <datafield tag="100" ind1="1" ind2=" ">
    <subfield code="a">Cervantes Saavedra, Miguel de</subfield>
    <subfield code="d">1547-1616</subfield>
    <subfield code="9">213</subfield>
  </datafield>
  <datafield tag="245" ind1="1" ind2="0">
    <subfield code="a">Oeuvres Compl&#xE9;tes de Cervant&#xE9;s Le Don Quichotte</subfield>
    <subfield code="c">Miguel de Cervantes Saavedra ; Traduites de L&#xB4;Espagnol par H. Bouchon Dubournial.</subfield>
  </datafield>
  <datafield tag="260" ind1=" " ind2=" ">
    <subfield code="a">Par&#xED;s</subfield>
    <subfield code="b">M&#xE9;quignon-Marvis</subfield>
    <subfield code="c">1821</subfield>
  </datafield>
  <datafield tag="300" ind1=" " ind2=" ">
    <subfield code="a">4 v.</subfield>
    <subfield code="b">il.</subfield>
    <subfield code="c">22 cm.</subfield>
  </datafield>
  <datafield tag="440" ind1=" " ind2="0">
    <subfield code="a">Oeuvres Compl&#xE9;tes de Cervant&#xE9;s</subfield>
    <subfield code="n">6-9</subfield>
    <subfield code="9">8401</subfield>
  </datafield>
  <datafield tag="500" ind1=" " ind2=" ">
    <subfield code="a">Contenido : v 1. Primera parte. Nota del editor. Prefacio del traductor. Pr&#xF3;logo del autor. Notas. Texto. -- v 2. Texto. Notas. -- v 3. Segunda parte. Notas. Texto. -- v 4. Notas. Mapa. Texto</subfield>
  </datafield>
  <datafield tag="500" ind1=" " ind2=" ">
    <subfield code="a">Edici&#xF3;n similar a la parisiense de 1807-08, del mismo traductor. &#xC9;ste aument&#xF3; en ella su prefacio con un largo paralelo entre la Iliada y el Quijote, sacado del trabajo de Vicente de los R&#xED;os pero suprimi&#xF3; en &#xE9;sta la Vida de Cervantes que figuraba en aqu&#xE9;lla. Tambi&#xE9;n revis&#xF3; Dubournial su primera traducci&#xF3;n a la que a&#xF1;adi&#xF3; nuevas notas y varias poes&#xED;as. Es una bella edici&#xF3;n impresa con hermosos tipos y de buen cuerpo. Las l&#xE1;minas est&#xE1;n grabadas en acero sobre los dibujos de H. Vernet y E. Lamie L&#xFA;dovik Osterc</subfield>
  </datafield>
  <datafield tag="500" ind1=" " ind2=" ">
    <subfield code="a">Con ex-libris de : Biblioth&#xE8;que de Fr, Jos. Moreau</subfield>
  </datafield>
  <datafield tag="500" ind1=" " ind2=" ">
    <subfield code="a">QM302</subfield>
  </datafield>
  <datafield tag="546" ind1=" " ind2=" ">
    <subfield code="a">Texto en : franc&#xE9;s</subfield>
  </datafield>
  <datafield tag="650" ind1="1" ind2="4">
    <subfield code="a">Novela espa&#xF1;ola</subfield>
    <subfield code="y">&#xC9;poca cl&#xE1;sica, 1500-1700</subfield>
    <subfield code="9">215</subfield>
  </datafield>
  <datafield tag="650" ind1="1" ind2="4">
    <subfield code="a">Literatura espa&#xF1;ola</subfield>
    <subfield code="y">&#xC9;poca cl&#xE1;sica, 1500-1700</subfield>
    <subfield code="9">216</subfield>
  </datafield>
  <datafield tag="650" ind1="1" ind2="4">
    <subfield code="a">Novela espa&#xF1;ola</subfield>
    <subfield code="y">Siglo XVII</subfield>
    <subfield code="9">217</subfield>
  </datafield>
  <datafield tag="650" ind1="1" ind2="4">
    <subfield code="a">Don Quijote (Personaje ficticio)</subfield>
    <subfield code="e">Novela</subfield>
    <subfield code="9">218</subfield>
  </datafield>
  <datafield tag="700" ind1="1" ind2=" ">
    <subfield code="a">Bouchon Dubournial, Henri</subfield>
    <subfield code="d">1749-1828</subfield>
    <subfield code="e">Traductor</subfield>
    <subfield code="9">8402</subfield>
  </datafield>
  <datafield tag="740" ind1="0" ind2=" ">
    <subfield code="a">El Ingenioso Hidalgo Don Quijote de la Mancha</subfield>
  </datafield>
  <datafield tag="902" ind1=" " ind2=" ">
    <subfield code="a">QFM</subfield>
  </datafield>
  <datafield tag="942" ind1=" " ind2=" ">
    <subfield code="2">lcc</subfield>
    <subfield code="c">B</subfield>
  </datafield>
  <datafield tag="999" ind1=" " ind2=" ">
    <subfield code="c">2810</subfield>
    <subfield code="d">2810</subfield>
  </datafield>
  <datafield tag="952" ind1=" " ind2=" ">
    <subfield code="0">0</subfield>
    <subfield code="1">0</subfield>
    <subfield code="4">0</subfield>
    <subfield code="7">0</subfield>
    <subfield code="a">BRCA</subfield>
    <subfield code="b">BRCA</subfield>
    <subfield code="d">2009-01-27</subfield>
    <subfield code="i">QM302</subfield>
    <subfield code="l">0</subfield>
    <subfield code="o">381 .M47 1821 (QM302)</subfield>
    <subfield code="p">3071</subfield>
    <subfield code="r">2019-03-22 00:00:00</subfield>
    <subfield code="w">2019-03-22</subfield>
    <subfield code="y">B</subfield>
  </datafield>
</record>
